| 000 | 00657nam a2200181 4500 | ||
|---|---|---|---|
| 001 | 108511 | ||
| 003 | ES-MaACL | ||
| 005 | 20251218063013.0 | ||
| 007 | t| | ||
| 008 | 061121s1941 mx r ||||1| spa d | ||
| 100 |
_aMontes de Oca y Obregón, Ignacio, _cObispo de San Luis Potosí _9188277 |
||
| 245 | 1 | 0 |
_aEntre los Arcades Romanos 1840-1941 _b: Sonetos póstumos / _cIpandro Acaico [seud.]; prólogo, selección y notas del Pbro. Dr. Pedro Moctezuma. |
| 260 |
_aMéxico : _bAbside, _c1941. |
||
| 300 |
_a124 p., 3 láms. ; _c23 cm. |
||
| 700 | 1 |
_aMoctezuma, Pedro. _981745 |
|
| 852 |
_aES-MaACL _j1883-F-2 _bR.25803 |
||
| 999 |
_c108511 _d108511 |
||